ESG investície na kapitálových trhoch bakalárska práca

Na minha lista:
Detalhes bibliográficos
Autor principal: Kavečanky, Samuel
Autor Corporativo: Národohospodárska fakulta EU. Katedra bankovníctva a medzinárodných financií
Outros Autores: Dedinský, Juraj, 1996-
Formato: Livro
Idioma:eslovaco
Publicado em: Bratislava 2024
Tags: Adicionar Tag
Sem tags, seja o primeiro a adicionar uma tag!

MARC

LEADER 00000nbm a2200000 4500
001 0301582
005 20241023141445.0
041 0 |a slo 
044 |a SK 
245 1 0 |a ESG investície na kapitálových trhoch  |b bakalárska práca  |c Samuel Kavečanky ; školiteľ: Juraj Dedinský 
264 1 |a Bratislava  |c 2024 
300 |a 44 s. 
100 1 |a Kavečanky, Samuel 
700 1 |a Dedinský, Juraj, 1996- 
710 2 |a Národohospodárska fakulta EU. Katedra bankovníctva a medzinárodných financií